Nghiên cứu nguồn lợi của cá dìa (Siganidae) vùng cửa sông Thu Bồn - Hội An - Quảng Nam

Nghiên cứu nguồn lợi cá Dìa vùng cửa sông Thu Bồn- Hội An- Quảng Nam nhằm làm cơ sở đề xuất giải pháp quản lí, bảo vệ và khai thác hợp lý nguồn lợi cá Dìa vùng cửa sông Thu Bồn- Hội An- Quảng Nam

Tallennettuna:
Bibliografiset tiedot
Päätekijä: Võ Thị Thanh Thúy
Muut tekijät: Nguyễn Thị Tường Vi (Hướng dẫn)
Aineistotyyppi: Kirja
Kieli:Vietnamese
Julkaistu: Đà Nẵng Đại học Sư phạm, Đại học Đà Nẵng 2013
Aiheet:
Tagit: Lisää tagi
Ei tageja, Lisää ensimmäinen tagi!
Thư viện lưu trữ: Mạng thư viện Đại học Đà Nẵng
LEADER 01846nam a2200373 4500
001 000018482
003 14914
005 20131115161118.0
008 131113s2013 viesd
041 |a vie 
082 1 4 |a 597.177  |b VO-T 
100 1 |a Võ Thị Thanh Thúy 
245 1 |a Nghiên cứu nguồn lợi của cá dìa (Siganidae) vùng cửa sông Thu Bồn - Hội An - Quảng Nam  |c Võ Thị Thanh Thúy ; Nguyễn Thị Tường Vi hướng dẫn  |k Khóa luận tốt nghiệp 
260 |a Đà Nẵng  |b Đại học Sư phạm, Đại học Đà Nẵng  |c 2013 
300 |a 47 tr.  |b mh.  |c 29 cm.  |e Bản tóm tắt 
500 |a Khóa luận tốt nghiệp đại học. Chuyên ngành: Sư phạm Sinh 
504 |a Mục lục đầu trang, tài liệu tham khảo tr. 73 - 74, phụ lục [13 tr.] 
520 |a Nghiên cứu nguồn lợi cá Dìa vùng cửa sông Thu Bồn- Hội An- Quảng Nam nhằm làm cơ sở đề xuất giải pháp quản lí, bảo vệ và khai thác hợp lý nguồn lợi cá Dìa vùng cửa sông Thu Bồn- Hội An- Quảng Nam 
600 1 4 |b Vua  |c Đinh Tiên Hoàng 
650 0 4 |a Cá dìa  |v Khóa luận tốt nghiệp  |x Nghiên cứu  |z Sông Thu Bồn (Hội An) 
653 |a Khoa Sinh môi trường 
653 |a Cá dìa 
653 |a Siganidae 
700 1 |a Nguyễn Thị Tường Vi  |e Hướng dẫn 
OWN |a LSP 
AVA |a UDN50  |b LSP  |d 597.177 VO-T  |e available  |t Error 5001 Not defined in file expand_doc_bib_avail.  |f 1  |g 0  |h N  |i 0  |k 1 
999 |a From the UDN01 
AVA |a UDN50  |b LSP  |d 597.177 VO-T  |e available  |t Error 5001 Not defined in file expand_doc_bib_avail.  |f 1  |g 0  |h N  |i 0  |k 1 
TYP |a Monograph 
TYP |a Printed language 
980 |a Mạng thư viện Đại học Đà Nẵng